00740 2200193 4500001002100000005001500021035002000036245018100056100003200237250002000269300005700289856002200346700007000368260003700438082001100475084001700486020002200503650002100525INLIS00000000114805620260330093413 a0010-03260005671 aTHE AMAZING HUSNUDZON :bMenjemput Kesuksesan Dengan Berpikir Positif /cPenulis; Abu Salman Farhan Al-Atsary, Penyunting; Abd. Kholiq, Desain Sampul; Indera!, Tata Letak; Apr!0 aAbu Salman Farhan Al-Atsary aCetakan Pertama axii + 188 halaman :bIlustrasi ;c14 x 20 cmeKertas aPerpustakaan Umum0 aPenyunting; Abd. Kholiq, Desain Sampul; Indera!, Tata Letak; Apr! aYogyakarta :bQudsi Media,c2025 a297.51 a297.51 ABU t a978-979-1149-32-7 4aReferensi Islami